书目信息 |
| 题名: |
清风起 廉心生
|
|
| 作者: | 卞勇 著 | |
| 分册: | ||
| 出版信息: | 北京 中国戏剧出版社 2016 |
|
| 页数: | 246页 | |
| 开本: | 23cm | |
| 丛书名: | ||
| 单 册: | ||
| 中图分类: | I238.8 | |
| 科图分类: | ||
| 主题词: | 戏剧小品--作品集--中国--当代 | |
| 电子资源: | ||
| ISBN: | 978-7-104-04445-1 | |
| 000 | 00705nam0 2200229 450 | |
| 001 | 012024000022 | |
| 005 | 20241025222331.0 | |
| 010 | @a978-7-104-04445-1@b精装@dCNY42.00 | |
| 100 | @a20241025d2016 em y0chiy50 ea | |
| 101 | 0 | @achi |
| 102 | @aCN@b110000 | |
| 105 | @ay z 000by | |
| 106 | @ar | |
| 200 | 1 | @a清风起 廉心生@Aqing feng qi lian xin sheng@e廉政小品集@f卞勇著 |
| 210 | @a北京@c中国戏剧出版社@d2016 | |
| 215 | @a246页@d23cm | |
| 517 | 1 | @a廉政小品集@Alian zheng xiao pin ji |
| 606 | 0 | @a戏剧小品@x作品集@y中国@z当代 |
| 690 | @aI238.8@v5 | |
| 701 | 0 | @a卞勇@Abian yong@c(公务员)@4著 |
| 801 | 0 | @aCN@bAHXH@c20241025 |
| 905 | @b214160806@b214160799@b214157473@b214157464@f4@dI238.8@e62 | |
| 清风起 廉心生:廉政小品集/卞勇著.-北京:中国戏剧出版社,2016 |
| 246页;23cm |
| ISBN 978-7-104-04445-1(精装):CNY42.00 |
| ● |
| 相关链接 |
|
|
|
|
正题名:清风起 廉心生
索取号:I238.8/62
 
预约/预借
| 序号 | 登录号 | 条形码 | 馆藏地/架位号 | 状态 | 备注 |
| 1 | 1415746 | 214157464 | 第一样本阅览室/ [索取号:I238.8/62] | 在馆 | |
| 2 | 1415747 | 214157473 | 第二借阅区/ [索取号:I238.8/62] | 在馆 | |
| 3 | 1416079 | 214160799 | 第二借阅区/ [索取号:I238.8/62] | 在馆 | |
| 4 | 1416080 | 214160806 | 第二借阅区/ [索取号:I238.8/62] | 在馆 |